[Event "4NCL Division 3"]
[Site "Daventry Court ENG"]
[Date "2014.05.04"]
[Round "10.22"]
[White "Mirza, Diana"]
[Black "Ashworth, Michael J"]
[Result "1-0"]
[WhiteElo "1764"]
[BlackElo "1913"]
[PlyCount "85"]
[EventDate "2014.05.04"]
[WhiteTeam "Midland Monarchs"]
[BlackTeam "Gloucestershire Gambits"]

1. d4 g6 2. Nf3 Bg7 3. Nbd2 d6 4. e4 Nf6 5. Bd3 O-O 6. O-O Nbd7 7. Re1 e5 8. c3
c5 9. d5 Ne8 10. Nc4 b5 11. Ne3 c4 12. Bc2 Rb8 13. a4 a6 14. axb5 axb5 15. b3
cxb3 16. Bxb3 Nc5 17. Bc2 f5 18. exf5 gxf5 19. Ba3 Kh8 20. Nf1 e4 21. Nd4 Bd7
22. Ng3 Qg5 23. Bb4 Rg8 24. Qh5 Be5 25. Qxg5 Rxg5 26. h4 Rxg3 27. fxg3 Bxg3 28.
Rf1 Ng7 29. h5 Re8 30. h6 Nh5 31. Bxc5 dxc5 32. Nxf5 Bxf5 33. Rxf5 Nf4 34. Bxe4
Ne2+ 35. Kf1 Nxc3 36. Bc2 c4 37. Rf7 Nxd5 38. Rxh7+ Kg8 39. Rg7+ Kf8 40. Rxg3
Ne3+ 41. Rxe3 Rxe3 42. h7 Kg7 43. Ra7+ 1-0

[Event "4NCL Division 3"]
[Site "Daventry Court ENG"]
[Date "2014.05.04"]
[Round "10.23"]
[White "Taylor, Geoffrey P"]
[Black "Mirza, Gabriel"]
[Result "1/2-1/2"]
[WhiteElo "1876"]
[BlackElo "1747"]
[PlyCount "87"]
[EventDate "2014.05.04"]
[WhiteTeam "Gloucestershire Gambits"]
[BlackTeam "Midland Monarchs"]

1. e4 Nc6 2. Nf3 d6 3. d4 Nf6 4. Nc3 Bg4 5. Be2 e5 6. d5 Nb8 7. O-O Be7 8. Nd2
Qc8 9. f3 Bh5 10. Nc4 h6 11. Be3 g5 12. Bf2 Bg6 13. g4 Nfd7 14. Ne3 Na6 15. Nf5
Bxf5 16. exf5 c5 17. Ne4 Nc7 18. a4 b6 19. c4 a5 20. Qd3 Kf8 21. Qc3 Qd8 22.
Bg3 Kg8 23. Rad1 Ne8 24. Kh1 Ra7 25. Qd2 Bf6 26. Nc3 Rb7 27. Nb5 Kg7 28. Nc3
Qe7 29. Ne4 Rh7 30. Bd3 Rb8 31. Bc2 Rh8 32. Bf2 Rb7 33. Ng3 Kf8 34. Kg1 Ng7 35.
Qe1 Qd8 36. Ne4 Ne8 37. Be3 Kg7 38. Qd2 Kf8 39. Kg2 Be7 40. Kh3 f6 41. Qd3 Kg7
42. Ng3 Nb8 43. Bd2 Kf7 44. Ne4 1/2-1/2

[Event "4NCL Division 3"]
[Site "Daventry Court ENG"]
[Date "2014.05.04"]
[Round "10.32"]
[White "Bramson, Mike"]
[Black "Rumsey, Victor B"]
[Result "1/2-1/2"]
[WhiteElo "1849"]
[BlackElo "1856"]
[PlyCount "32"]
[EventDate "2014.05.04"]
[WhiteTeam "Bradford DCA Knights C"]
[BlackTeam "Celtic Tigers 2"]

1. e4 e5 2. Nc3 Nf6 3. Bc4 Nc6 4. d3 Na5 5. Nf3 Nxc4 6. dxc4 Bb4 7. Qd3 d6 8.
Bd2 Bxc3 9. Bxc3 b6 10. O-O Bb7 11. Rfe1 O-O 12. Rad1 Nd7 13. Nd2 f5 14. exf5
Qg5 15. Ne4 Qxf5 16. f3 Bxe4 1/2-1/2

[Event "4NCL Division 3"]
[Site "Daventry Court ENG"]
[Date "2014.05.04"]
[Round "10.33"]
[White "Larter, Nick J"]
[Black "Mahoney, Nicholas"]
[Result "1/2-1/2"]
[WhiteElo "1786"]
[BlackElo "1772"]
[PlyCount "85"]
[EventDate "2014.05.04"]
[WhiteTeam "Celtic Tigers 2"]
[BlackTeam "Bradford DCA Knights C"]

1. e4 c5 2. c4 d6 3. Nc3 Nf6 4. g3 Bg4 5. f3 Bd7 6. Nge2 Nc6 7. Bg2 g6 8. O-O
Bg7 9. Rb1 O-O 10. d3 Ne8 11. Be3 Nc7 12. Qd2 Re8 13. h3 Ne6 14. Kh2 Ned4 15.
f4 e6 16. Bxd4 cxd4 17. Nb5 Bc8 18. Rf2 a6 19. Na3 e5 20. Nc2 Qa5 21. Qxa5 Nxa5
22. Rbf1 Rf8 23. Nb4 Nc6 24. Nd5 b5 25. b3 Be6 26. a3 Rab8 27. f5 Bxd5 28. exd5
Na5 29. b4 Nb3 30. fxg6 fxg6 31. Rxf8+ Bxf8 32. Nc1 bxc4 33. Nxb3 cxb3 34. Rb1
a5 35. Rxb3 axb4 36. h4 Bh6 37. axb4 Rb5 38. Rb2 Bc1 39. Rc2 Ba3 40. Rc8+ Kg7
41. Rc7+ Kg8 42. Rc8+ Kg7 43. Rc7+ 1/2-1/2

[Event "4NCL Division 3"]
[Site "Daventry Court ENG"]
[Date "2014.05.04"]
[Round "10.39"]
[White "Towers, Nigel S"]
[Black "Donaghay, Richard H"]
[Result "1-0"]
[WhiteElo "1811"]
[BlackElo "1960"]
[PlyCount "74"]
[EventDate "2014.05.04"]
[WhiteTeam "e2e4.org.uk 5"]
[BlackTeam "Iceni 2"]

1. e4 d5 2. exd5 Nf6 3. Bb5+ Bd7 4. Be2 Nxd5 5. d4 Bf5 6. Nf3 e6 7. O-O Be7 8.
c4 Nb6 9. Nc3 N8d7 10. Bf4 c6 11. d5 cxd5 12. cxd5 O-O 13. Nd4 Bf6 14. dxe6
Bxe6 15. Nxe6 fxe6 16. Bd6 Rf7 17. Bg3 Nc5 18. Qc2 Rc8 19. Rad1 Rd7 20. Rxd7
Qxd7 21. Rd1 Qf7 22. Nb5 Nca4 23. Qb3 Nc5 24. Qf3 Rd8 25. Rxd8+ Bxd8 26. Qxf7+
Kxf7 27. Nxa7 Nca4 28. Nb5 Nxb2 29. Nd6+ Kf6 30. Nxb7 Be7 31. Bb5 e5 32. f3 Nd5
33. Be1 Nb4 34. a4 N2d3 35. Bc3 Nd5 36. Bd2 N5f4 37. a5 Ne2+ 1-0

[Event "4NCL Division 3"]
[Site "Daventry Court ENG"]
[Date "2014.05.04"]
[Round "10.40"]
[White "Szymanski, Mark"]
[Black "Hewitt, Sean D"]
[Result "0-1"]
[WhiteElo "1828"]
[BlackElo "1851"]
[PlyCount "72"]
[EventDate "2014.05.04"]
[WhiteTeam "Iceni 2"]
[BlackTeam "e2e4.org.uk 5"]

1. c4 c5 2. g3 g6 3. Bg2 Bg7 4. Nc3 Nc6 5. Nf3 d6 6. O-O e6 7. d3 Nge7 8. Bg5
O-O 9. Qd2 a6 10. Rab1 Qc7 11. a3 Nf5 12. b4 h6 13. Be3 Nxe3 14. fxe3 cxb4 15.
axb4 Na7 16. Nd4 Bd7 17. b5 axb5 18. cxb5 Rac8 19. Ne4 Qb8 20. Nf6+ Bxf6 21.
Rxf6 e5 22. Rbf1 exd4 23. exd4 Kg7 24. b6 Nc6 25. d5 Ne5 26. Qf4 g5 27. Qd4 Rc2
28. Qf2 Be8 29. Qe3 Qd8 30. h3 Rb2 31. d4 Qxb6 32. Qf2 Nd7 33. h4 Rd2 34. hxg5
hxg5 35. Qf5 Qxd4+ 36. Kh2 Qxf6 0-1

[Event "4NCL Division 3"]
[Site "Daventry Court ENG"]
[Date "2014.05.04"]
[Round "10.49"]
[White "Zhang, Anthony Y"]
[Black "Taylor, John Paul J"]
[Result "1-0"]
[WhiteElo "1896"]
[BlackElo "1934"]
[PlyCount "80"]
[EventDate "2014.05.04"]
[WhiteTeam "Sandhurst Scorpions"]
[BlackTeam "Bristol 2"]

1. d4 Nf6 2. Nf3 e6 3. c4 d5 4. Nc3 c6 5. e3 Nbd7 6. Bd3 Bd6 7. O-O O-O 8. e4
dxe4 9. Nxe4 Nxe4 10. Bxe4 Nf6 11. Bc2 c5 12. Qd3 cxd4 13. Bg5 g6 14. Qxd4 Be7
15. Qh4 Re8 16. Rad1 Nd7 17. Ba4 f6 18. Be3 e5 19. Qe4 Kg7 20. Qd5 Qc7 21. Qd2
Rd8 22. Qc3 Nc5 23. Bc2 Bg4 24. b4 Ne6 25. Be4 Rac8 26. Rc1 b6 27. Qb2 Qd6 28.
a3 f5 29. Qxe5+ Bf6 30. Qxd6 Rxd6 31. Bd5 Bb2 32. Rb1 Bxa3 33. Bxe6 Rxe6 34.
Nd4 Re4 35. Nb5 f4 36. Bd2 Bxb4 37. Rxb4 a5 38. Rb2 Rexc4 39. Nd6 Rc2 40. Nxc8
Rxb2 1-0

[Event "4NCL Division 3"]
[Site "Daventry Court ENG"]
[Date "2014.05.04"]
[Round "10.51"]
[White "Golding, Alex"]
[Black "Hardy, Roger"]
[Result "1/2-1/2"]
[WhiteElo "1702"]
[BlackElo "1952"]
[PlyCount "77"]
[EventDate "2014.05.04"]
[WhiteTeam "Sandhurst Scorpions"]
[BlackTeam "Bristol 2"]

1. e4 c6 2. d4 d5 3. e5 Bf5 4. h4 c5 5. g4 Bd7 6. dxc5 e6 7. Be3 Bc6 8. Bd4 f6
9. Nf3 Nd7 10. b4 fxe5 11. Nxe5 Nxe5 12. Bxe5 Qd7 13. Qd4 Nh6 14. Nc3 a6 15. f3
Rg8 16. a4 Nf7 17. b5 Nxe5 18. Qxe5 axb5 19. Nxb5 Rc8 20. Bd3 g6 21. Qe3 d4 22.
Nxd4 Bxc5 23. Qxe6+ Qxe6+ 24. Nxe6 Bxf3 25. Rf1 Bb4+ 26. Kf2 Bxg4 27. Ng5 Rc7
28. Kg2 Bf5 29. Ne4 Bxe4+ 30. Bxe4 b6 31. Bd3 Rf8 32. Rxf8+ Kxf8 33. h5 gxh5
34. Rh1 Ra7 35. Rxh5 Rxa4 36. Rxh7 Bc5 37. Kf3 Rd4 38. Rb7 Rh4 39. Rh7 1/2-1/2

[Event "4NCL Division 3"]
[Site "Daventry Court ENG"]
[Date "2014.05.04"]
[Round "10.52"]
[White "Wang, Alyssa"]
[Black "Golding, James"]
[Result "1/2-1/2"]
[WhiteElo "1596"]
[BlackElo "1582"]
[PlyCount "49"]
[EventDate "2014.05.04"]
[WhiteTeam "Bristol 2"]
[BlackTeam "Sandhurst Scorpions"]

1. d4 d5 2. Nf3 Nf6 3. c4 e6 4. Nc3 c5 5. cxd5 exd5 6. g3 Nc6 7. Bg2 Be7 8. O-O
O-O 9. Bg5 Be6 10. dxc5 Bxc5 11. Rc1 Be7 12. Nd4 Qa5 13. Nb3 Qa6 14. Nd4 h6 15.
Bf4 Rfd8 16. a3 Ne4 17. Nxc6 bxc6 18. Nxe4 dxe4 19. Qc2 g5 20. Be3 Rab8 21.
Bxe4 Bf6 22. Qxc6 Qxe2 23. Qc2 Rxb2 24. Qxe2 Rxe2 25. Bf3 1/2-1/2

[Event "4NCL Division 3"]
[Site "Daventry Court ENG"]
[Date "2014.05.04"]
[Round "10.53"]
[White "Samadov, Samir"]
[Black "Woolgar, Steven G"]
[Result "1-0"]
[WhiteElo "1624"]
[BlackElo "1876"]
[PlyCount "113"]
[EventDate "2014.05.04"]
[WhiteTeam "Sandhurst Scorpions"]
[BlackTeam "Bristol 2"]

1. e4 c5 2. c3 d5 3. e5 Nc6 4. d4 cxd4 5. cxd4 e6 6. Nc3 Bb4 7. Nf3 Nge7 8. Bg5
Bd7 9. Be2 h6 10. Be3 Nf5 11. O-O O-O 12. Bd3 Bxc3 13. bxc3 Nce7 14. Bd2 Ng6
15. Bxf5 exf5 16. Qb1 b5 17. Ne1 f4 18. Qc1 Qe7 19. Nd3 f3 20. Ne1 fxg2 21.
Nxg2 Bh3 22. f4 Bxg2 23. Kxg2 Nh4+ 24. Kg1 Qd7 25. Qe1 Qg4+ 26. Qg3 Qxg3+ 27.
hxg3 Nf5 28. Kg2 Rfe8 29. g4 Nd6 30. exd6 Re2+ 31. Rf2 Rxf2+ 32. Kxf2 Rd8 33.
a4 Rxd6 34. axb5 Rb6 35. Rxa7 Rxb5 36. Ra8+ Kh7 37. Rc8 Rb7 38. Rd8 Rb5 39. Rd7
Kg6 40. Rd6+ f6 41. f5+ Kf7 42. Rd7+ Kf8 43. Ke3 Ra5 44. Rd8+ Ke7 45. Rc8 Ra7
46. Rg8 Kf7 47. Rd8 Ra5 48. Rd7+ Kf8 49. Rc7 Ra8 50. Rc5 Rd8 51. Bc1 Kg8 52. c4
Re8+ 53. Kf3 dxc4 54. Be3 Rd8 55. Rxc4 Rd7 56. Rc5 Kf7 57. d5 1-0

[Event "4NCL Division 3"]
[Site "Daventry Court ENG"]
[Date "2014.05.04"]
[Round "10.63"]
[White "Homer, Neil S"]
[Black "Woods, Timothy J"]
[Result "1/2-1/2"]
[WhiteElo "1643"]
[BlackElo "1781"]
[PlyCount "57"]
[EventDate "2014.05.04"]
[WhiteTeam "e2e4.org.uk 6"]
[BlackTeam "Sussex Smart Survivors 2"]

1. Nf3 g6 2. c4 Bg7 3. d4 d6 4. Nc3 Nf6 5. g3 O-O 6. Bg2 Nc6 7. O-O a6 8. Qd3
Rb8 9. h3 Bd7 10. Kh2 e5 11. d5 Ne7 12. e4 Ne8 13. Nh4 f5 14. f4 Kh8 15. fxe5
Bxe5 16. Bf4 Bxf4 17. gxf4 fxe4 18. Nxe4 Nf5 19. Nxf5 Bxf5 20. Qc3+ Kg8 21.
Rae1 Ng7 22. Ng5 Qd7 23. Re3 Rbe8 24. Rfe1 Rxe3 25. Rxe3 Re8 26. Qe1 b6 27.
Rxe8+ Nxe8 28. Be4 Bxe4 29. Nxe4 1/2-1/2

[Event "4NCL Division 3"]
[Site "Daventry Court ENG"]
[Date "2014.05.04"]
[Round "10.70"]
[White "Mulleady, Peter J"]
[Black "Goodwin, Ed H"]
[Result "1/2-1/2"]
[WhiteElo "1900"]
[BlackElo "1795"]
[PlyCount "125"]
[EventDate "2014.05.04"]
[WhiteTeam "Manchester Manticores 2"]
[BlackTeam "Throw in the Tal"]

1. c4 c5 2. g3 g6 3. Bg2 Bg7 4. Nc3 Nc6 5. e4 e6 6. Nge2 Nge7 7. O-O O-O 8. d3
a6 9. h3 Rb8 10. a4 d6 11. Kh2 Bd7 12. f4 f5 13. Be3 Nd4 14. Bg1 Nec6 15. Nxd4
Nxd4 16. Ne2 Nxe2 17. Qxe2 Qa5 18. Rfd1 Qc7 19. d4 cxd4 20. Bxd4 e5 21. fxe5
dxe5 22. Bb6 Qxb6 23. Rxd7 f4 24. Rad1 fxg3+ 25. Kxg3 Bh6 26. Bf3 Qf6 27. Kg2
Qg5+ 28. Bg4 Qe3 29. Qxe3 Bxe3 30. Rf1 Rxf1 31. Kxf1 Bd4 32. Be6+ Kh8 33. b4
Bc3 34. b5 axb5 35. cxb5 b6 36. Ke2 Bd4 37. Rc7 Rf8 38. Rc8 Rxc8 39. Bxc8 Kg7
40. Kd3 Bf2 41. Kc4 Be1 42. Kd5 Kf6 43. Kc6 Ba5 44. Kd5 g5 45. Bf5 h6 46. Kd6
Bb4+ 47. Kd7 h5 48. Kc6 Ba5 49. Bd7 h4 50. Kd5 Be1 51. Bg4 Bd2 52. Bh5 Be1 53.
Kc6 Ba5 54. Kd7 Be1 55. Ke8 Ba5 56. Bg4 Be1 57. Kf8 Bd2 58. Kg8 Be1 59. Kh7 Bd2
60. Kh6 Be1 61. Bf5 Bd2 62. Kh5 Be1 63. Kg4 1/2-1/2

[Event "4NCL Division 3"]
[Site "Daventry Court ENG"]
[Date "2014.05.04"]
[Round "10.71"]
[White "Pink, Joshua"]
[Black "Lonsdale, Jon I"]
[Result "1/2-1/2"]
[WhiteElo "1820"]
[BlackElo "1778"]
[PlyCount "76"]
[EventDate "2014.05.04"]
[WhiteTeam "Throw in the Tal"]
[BlackTeam "Manchester Manticores 2"]

1. e4 c5 2. Nf3 Nc6 3. d4 cxd4 4. Nxd4 e5 5. Nb5 d6 6. c4 Be7 7. N1c3 a6 8. Na3
Be6 9. Nc2 Bg5 10. Be2 Bxc1 11. Rxc1 Nf6 12. O-O O-O 13. b3 Qa5 14. Qd2 Rac8
15. Rcd1 Kh8 16. Qe3 b5 17. Rxd6 bxc4 18. Bxc4 Bxc4 19. bxc4 Ng4 20. Qh3 Qc5
21. Rd3 Qxc4 22. Rf3 Nh6 23. Rd1 Nd4 24. Nxd4 exd4 25. Nd5 Qe2 26. Rfd3 Qxe4
27. Nb6 Rc2 28. f3 Qe2 29. g4 Qf2+ 30. Kh1 Re8 31. Qg3 Qxg3 32. hxg3 Ree2 33.
Rxd4 g6 34. Nd5 Rh2+ 35. Kg1 Rhg2+ 36. Kh1 Rh2+ 37. Kg1 Rhg2+ 38. Kh1 Rh2+
1/2-1/2

[Event "4NCL Division 3"]
[Site "Daventry Court ENG"]
[Date "2014.05.05"]
[Round "11.55"]
[White "Martin, Andrew D"]
[Black "Briscoe, Chris"]
[Result "1/2-1/2"]
[WhiteElo "2386"]
[BlackElo "2207"]
[PlyCount "40"]
[EventDate "2014.05.05"]
[WhiteTeam "Guildford 3"]
[BlackTeam "Surbiton"]

1. g3 Nf6 2. Bg2 d5 3. Nf3 g6 4. O-O Bg7 5. c4 c6 6. cxd5 cxd5 7. d4 O-O 8. Nc3
Ne4 9. Qb3 Nxc3 10. bxc3 Nc6 11. Nd2 e5 12. e3 e4 13. Ba3 Re8 14. c4 Na5 15.
Qb4 dxc4 16. Nxc4 Nxc4 17. Qxc4 Be6 18. Qb4 Bd5 19. Rfc1 a6 20. Qb2 Qd7 1/2-1/2

[Event "4NCL Division 3"]
[Site "Daventry Court ENG"]
[Date "2014.05.05"]
[Round "11.57"]
[White "Povah, Nigel E"]
[Black "Henderson, Ian R"]
[Result "1-0"]
[WhiteElo "2297"]
[BlackElo "2059"]
[PlyCount "67"]
[EventDate "2014.05.05"]
[WhiteTeam "Guildford 3"]
[BlackTeam "Surbiton"]

1. d4 d5 2. Bg5 Nc6 3. Nf3 f6 4. Bf4 Bg4 5. Nbd2 Nxd4 6. Nxd4 e5 7. h3 Bd7 8.
e4 exf4 9. Qh5+ g6 10. Qxd5 c6 11. Qc4 Bd6 12. O-O-O Qe7 13. Qb3 O-O-O 14. Bc4
Nh6 15. Rhe1 Be5 16. N2f3 Rde8 17. a4 Rhf8 18. Rd2 Kc7 19. Red1 Bc8 20. Qc3 Kb8
21. Nxe5 Qxe5 22. f3 Nf7 23. Qb4 Qc7 24. Bxf7 Rxf7 25. Nb3 Ka8 26. Na5 Be6 27.
Rd6 Qb6 28. Qc3 a6 29. Kb1 g5 30. b3 h6 31. Nxc6 bxc6 32. Rxc6 Qb8 33. Rxa6+
Kb7 34. Qc6# 1-0

[Event "4NCL Division 3"]
[Site "Daventry Court ENG"]
[Date "2014.05.05"]
[Round "11.58"]
[White "Crombleholme, Alan K"]
[Black "Osborne, Marcus E"]
[Result "0-1"]
[WhiteElo "2101"]
[BlackElo "2262"]
[PlyCount "56"]
[EventDate "2014.05.05"]
[WhiteTeam "Surbiton"]
[BlackTeam "Guildford 3"]

1. d4 Nf6 2. Nf3 e6 3. c4 b6 4. g3 Bb7 5. Bg2 c5 6. O-O cxd4 7. Nxd4 Bxg2 8.
Kxg2 Qc8 9. b3 Na6 10. Bb2 Qb7+ 11. Kg1 Be7 12. Nc3 h5 13. e3 Nc5 14. Rb1 h4
15. Qf3 Nfe4 16. Nxe4 Nxe4 17. Rbd1 f5 18. Nb5 hxg3 19. hxg3 Rh7 20. Kg2 g5 21.
Rh1 g4 22. Qf4 Rxh1 23. Rxh1 Nxg3+ 24. e4 Nxh1 25. Nc7+ Kf7 26. Nxa8 Qxa8 27.
Kxh1 Qxe4+ 28. Qxe4 fxe4 0-1

[Event "4NCL Division 3"]
[Site "Daventry Court ENG"]
[Date "2014.05.05"]
[Round "11.59"]
[White "Granat, Russell G"]
[Black "James, Angus S"]
[Result "1-0"]
[WhiteElo "2192"]
[BlackElo "1953"]
[PlyCount "67"]
[EventDate "2014.05.05"]
[WhiteTeam "Guildford 3"]
[BlackTeam "Surbiton"]

1. e4 c5 2. Nf3 d6 3. Bb5+ Nc6 4. d4 cxd4 5. Nxd4 Bd7 6. O-O Nf6 7. Re1 Nxd4 8.
Bxd7+ Qxd7 9. Qxd4 e5 10. Qd3 h6 11. c4 Be7 12. Nc3 Rc8 13. b3 O-O 14. Be3 a6
15. Rad1 Qc6 16. a4 Rfd8 17. f3 Bf8 18. a5 Re8 19. Qe2 Be7 20. Nd5 Nxd5 21.
Rxd5 Bf8 22. Qd3 Re6 23. g3 Qe8 24. Kg2 Qe7 25. Rc1 Qf6 26. b4 Be7 27. b5 Ra8
28. Rb1 Bd8 29. bxa6 Rxa6 30. Qd2 Rc6 31. Rxb7 Rxc4 32. a6 Ra4 33. a7 Kh7 34.
Rb8 1-0

[Event "4NCL Division 3"]
[Site "Daventry Court ENG"]
[Date "2014.05.05"]
[Round "11.60"]
[White "Fenwick, Hugh F"]
[Black "Smart, Michael R"]
[Result "0-1"]
[WhiteElo "1870"]
[BlackElo "2019"]
[PlyCount "68"]
[EventDate "2014.05.05"]
[WhiteTeam "Surbiton"]
[BlackTeam "Guildford 3"]

1. e4 Nf6 2. e5 Nd5 3. d4 d6 4. exd6 cxd6 5. Bc4 Nf6 6. Nc3 d5 7. Be2 g6 8. Be3
Bg7 9. Nf3 O-O 10. O-O Nc6 11. Ne5 e6 12. Nxc6 bxc6 13. Qd2 Re8 14. f4 Rb8 15.
Rfb1 a5 16. a3 Qe7 17. Bd3 Ng4 18. Na4 f6 19. c4 Ba6 20. Be2 Nxe3 21. Qxe3 e5
22. Re1 exd4 23. Qxd4 f5 24. Qd2 Kh8 25. Bd3 Qa7+ 26. c5 Bxd3 27. Qxd3 Re4 28.
Qd1 Rbe8 29. Rf1 Qe7 30. Rc1 Bd4+ 31. Kh1 Be3 32. Rb1 Bxf4 33. b4 axb4 34. axb4
Qh4 0-1

[Event "4NCL Division 3"]
[Site "Daventry Court ENG"]
[Date "2014.05.05"]
[Round "11.65"]
[White "Lund, D Brett"]
[Black "Barnes, Michael H"]
[Result "1-0"]
[WhiteElo "2266"]
[BlackElo "2200"]
[PlyCount "89"]
[EventDate "2014.05.05"]
[WhiteTeam "Spirit of Atticus A"]
[BlackTeam "e2e4.org.uk 2"]

1. c4 g6 2. g3 Bg7 3. Bg2 c5 4. Nc3 Nc6 5. d3 d6 6. Nf3 Nf6 7. O-O O-O 8. a3 a6
9. Rb1 Rb8 10. b4 cxb4 11. axb4 b5 12. cxb5 axb5 13. d4 d5 14. Ne5 Nxe5 15.
dxe5 Ng4 16. Nxd5 e6 17. Nf6+ Nxf6 18. Qxd8 Rxd8 19. Bg5 h6 20. Bxf6 Bxf6 21.
exf6 e5 22. Rfd1 Be6 23. e3 Bc4 24. Bf1 Rxd1 25. Rxd1 Rb6 26. Rd8+ Kh7 27. Rc8
Rxf6 28. Bxc4 bxc4 29. Rxc4 Ra6 30. Rc1 Kg7 31. Kf1 Rb6 32. Rb1 Kf6 33. Ke2 Ke6
34. Kd3 Kd5 35. e4+ Kc6 36. Kc4 Rb8 37. b5+ Kb6 38. Kd5 Re8 39. Kd6 g5 40. Kd7
Re6 41. Rd1 Kxb5 42. Rd6 Rxd6+ 43. Kxd6 Kc4 44. Kxe5 Kd3 45. Kf5 1-0

[Event "4NCL Division 3"]
[Site "Daventry Court ENG"]
[Date "2014.05.05"]
[Round "11.66"]
[White "Josse, Mark"]
[Black "Carleton, John J"]
[Result "0-1"]
[WhiteElo "2166"]
[BlackElo "2233"]
[PlyCount "120"]
[EventDate "2014.05.05"]
[WhiteTeam "e2e4.org.uk 2"]
[BlackTeam "Spirit of Atticus A"]

1. d4 Nf6 2. c4 Nc6 3. Nc3 e5 4. d5 Ne7 5. h4 Neg8 6. Nf3 Ng4 7. e3 Bb4 8. Bd2
f5 9. a3 Bxc3 10. Bxc3 d6 11. c5 a6 12. Qa4+ Qd7 13. c6 bxc6 14. dxc6 Qe7 15.
Bc4 N8f6 16. O-O Ne4 17. Ba5 Nc5 18. Qc2 e4 19. Ng5 h6 20. Nh3 g5 21. f3 exf3
22. gxf3 Ne5 23. b4 Ne6 24. Bxe6 Bxe6 25. f4 gxf4 26. Rxf4 Qg7+ 27. Kf1 Bc4+
28. Rxc4 Nxc4 29. Qxc4 Qxa1+ 30. Ke2 Qe5 31. Nf4 Qb5 32. Qxb5 axb5 33. Nd5 Kf7
34. Nxc7 Rhc8 35. Nxa8 Rxa8 36. Kd3 Ke6 37. Kd4 Rc8 38. c7 Rg8 39. e4 fxe4 40.
Kxe4 Rg4+ 41. Kf3 Rc4 42. h5 Kd7 43. Kg3 Rc3+ 44. Kf4 Rxa3 45. Bb6 Rh3 46. Kg4
Rb3 47. Ba5 d5 48. Kf4 Rh3 49. Kg4 Rc3 50. Kf5 Rg3 51. Ke5 Rg5+ 52. Kd4 Rxh5
53. Kc5 d4+ 54. Kxd4 Rg5 55. Ke4 h5 56. Kf4 Rg8 57. Bb6 h4 58. Bf2 h3 59. Bg3
Kxc7 60. Kf3+ Kc6 0-1

[Event "4NCL Division 3"]
[Site "Daventry Court ENG"]
[Date "2014.05.05"]
[Round "11.67"]
[White "Ivell, Nicholas W"]
[Black "Milson, Samuel A"]
[Result "1/2-1/2"]
[WhiteElo "2279"]
[BlackElo "2044"]
[PlyCount "67"]
[EventDate "2014.05.05"]
[WhiteTeam "Spirit of Atticus A"]
[BlackTeam "e2e4.org.uk 2"]

1. e4 e5 2. Bc4 Bc5 3. Nf3 d6 4. O-O Nc6 5. c3 Bg4 6. h3 Bxf3 7. Qxf3 Qf6 8.
Qxf6 Nxf6 9. d3 Nd8 10. Nd2 Ne6 11. Nf3 h6 12. Nh4 Kd7 13. Nf5 Rh7 14. g3 g6
15. Nh4 Rf8 16. Kg2 Nh5 17. Bd2 g5 18. Nf5 Nhg7 19. Nxg7 Rxg7 20. Rae1 c6 21.
a4 a5 22. Re2 h5 23. Rh1 h4 24. Bxe6+ fxe6 25. f3 Bb6 26. Ree1 Rgf7 27. Rhf1
Rg8 28. g4 Rff8 29. Rh1 Ke7 30. Bc1 Kf6 31. Kf1 Kg6 32. Ke2 Rf7 33. Rhf1 Rgf8
34. Bd2 1/2-1/2

[Event "4NCL Division 3"]
[Site "Daventry Court ENG"]
[Date "2014.05.05"]
[Round "11.68"]
[White "Morley, Andrew J"]
[Black "Mitchell, Martin"]
[Result "1/2-1/2"]
[WhiteElo "2062"]
[BlackElo "2217"]
[PlyCount "101"]
[EventDate "2014.05.05"]
[WhiteTeam "e2e4.org.uk 2"]
[BlackTeam "Spirit of Atticus A"]

1. e4 d6 2. d4 Nf6 3. Nc3 g6 4. f4 Bg7 5. Nf3 c5 6. Be3 cxd4 7. Nxd4 Nc6 8.
Nxc6 bxc6 9. Be2 O-O 10. O-O Qa5 11. Kh1 Qb4 12. Qd3 a5 13. a3 Qb8 14. Rab1 Ba6
15. Qd2 Qb7 16. Rfe1 Bxe2 17. Qxe2 Qa6 18. Qxa6 Rxa6 19. b3 Raa8 20. Bd2 Rfd8
21. h3 e6 22. Rbd1 d5 23. e5 Nd7 24. a4 Bf8 25. Rf1 Bb4 26. Ne2 Rdb8 27. Nd4
Ra6 28. Rf3 Bc5 29. Ne2 h5 30. Be1 Be7 31. g4 hxg4 32. hxg4 Kg7 33. Kg2 Rh8 34.
Bg3 Nc5 35. Nc3 Raa8 36. Bf2 Rh7 37. Rh3 Rxh3 38. Kxh3 Nd7 39. Rd3 Nc5 40. Rd1
Nd7 41. Rd3 g5 42. Bg3 Rh8+ 43. Kg2 gxf4 44. Bxf4 Rh4 45. Kg3 Nf8 46. Ne2 Ng6
47. Nd4 Nxf4 48. Kxf4 Bd8 49. Nxc6 Bc7 50. Kg3 Rh1 51. Kg2 1/2-1/2

[Event "4NCL Division 3"]
[Site "Daventry Court ENG"]
[Date "2014.05.05"]
[Round "11.69"]
[White "Smith, Andrew P"]
[Black "Byron, Alan M"]
[Result "1/2-1/2"]
[WhiteElo "2145"]
[BlackElo "2156"]
[PlyCount "89"]
[EventDate "2014.05.05"]
[WhiteTeam "Spirit of Atticus A"]
[BlackTeam "e2e4.org.uk 2"]

1. e4 d6 2. d4 Nf6 3. Nc3 e5 4. Nge2 Nbd7 5. f3 c6 6. Be3 Be7 7. Qd2 Qc7 8. g4
a6 9. Ng3 g6 10. g5 Nh5 11. Nxh5 gxh5 12. f4 exf4 13. Bxf4 Nf8 14. O-O-O Ng6
15. Be3 h4 16. Kb1 b5 17. Bg2 Bg4 18. Rdf1 O-O 19. Bf3 Bh3 20. Rfg1 b4 21. Ne2
a5 22. Nf4 Bd7 23. Nh5 Rfb8 24. Nf6+ Kh8 25. Bd1 a4 26. Qe2 Bxf6 27. gxf6 Be6
28. Bh6 b3 29. Bg7+ Kg8 30. cxb3 axb3 31. a3 Ra5 32. Qd2 Qa7 33. d5 cxd5 34.
Rg5 Rbb5 35. Rh5 d4 36. Rxb5 Rxb5 37. Qh6 Qa8 38. Bf3 Ra5 39. Bh8 Qf8 40. Bg7
Qc8 41. Rc1 Rc5 42. Rxc5 dxc5 43. Bh8 Qf8 44. Bg7 Qb8 45. Bh8 1/2-1/2

[Event "4NCL Division 3"]
[Site "Daventry Court ENG"]
[Date "2014.05.05"]
[Round "11.70"]
[White "Mansson, James C"]
[Black "Robertson, David J"]
[Result "1/2-1/2"]
[WhiteElo "2102"]
[BlackElo "1929"]
[PlyCount "110"]
[EventDate "2014.05.05"]
[WhiteTeam "e2e4.org.uk 2"]
[BlackTeam "Spirit of Atticus A"]

1. d4 d5 2. c4 e6 3. Nc3 c6 4. e3 Nf6 5. Nf3 Nbd7 6. Bd3 dxc4 7. Bxc4 b5 8. Bd3
a6 9. a4 Bb7 10. O-O Bd6 11. e4 e5 12. dxe5 Nxe5 13. Nxe5 Bxe5 14. f4 Bd4+ 15.
Kh1 h5 16. Ne2 Bb6 17. Ng1 Ng4 18. Nh3 Qh4 19. Qe1 Qxe1 20. Rxe1 O-O-O 21. Bc2
Rhe8 22. a5 Ba7 23. e5 Nf2+ 24. Nxf2 Bxf2 25. Re2 Bd4 26. Be3 c5 27. Bxd4 Rxd4
28. f5 Red8 29. Rae1 Rd2 30. e6 fxe6 31. fxe6 Rxe2 32. Rxe2 Bc6 33. e7 Rh8 34.
Re6 Kc7 35. Bg6 Be8 36. Rxa6 Bxg6 37. Rxg6 Re8 38. Rxg7 Kb7 39. Kg1 Ka6 40. Kf2
Kxa5 41. Ke3 Kb4 42. Ke4 Kb3 43. Kd5 c4 44. Kd6 Kxb2 45. Kd7 Rxe7+ 46. Rxe7 c3
47. Re2+ c2 48. Kc6 b4 49. Kb5 Kc3 50. Rxc2+ Kxc2 51. Kxb4 Kd3 52. g3 Ke3 53.
h3 Kf3 54. g4 hxg4 55. hxg4 Kxg4 1/2-1/2

[Event "4NCL Division 3"]
[Site "Daventry Court ENG"]
[Date "2014.05.05"]
[Round "11.75"]
[White "Gregory, Stephen J"]
[Black "Constantinou, Peter"]
[Result "1-0"]
[WhiteElo "2054"]
[BlackElo "2295"]
[PlyCount "101"]
[EventDate "2014.05.05"]
[WhiteTeam "Anglian Avengers 2"]
[BlackTeam "MK Phoenix 1"]

1. e4 g6 2. f4 c6 3. d4 d5 4. e5 h5 5. c4 Bf5 6. Qb3 Qd7 7. Nc3 e6 8. Be3 Ne7
9. Nf3 Bg4 10. cxd5 cxd5 11. Nh4 Nbc6 12. h3 Nf5 13. Nxf5 Bxf5 14. Be2 Bb4 15.
O-O Kf8 16. Na4 Kg7 17. Rac1 Be7 18. Nc5 Bxc5 19. Rxc5 Rac8 20. Rfc1 Ne7 21.
Bb5 Qd8 22. Rxc8 Nxc8 23. Be2 Qb6 24. Qa3 Re8 25. Bf2 Ne7 26. Rc5 a6 27. Bh4
Ng8 28. Qc3 Ra8 29. b4 a5 30. b5 a4 31. a3 Bb1 32. Kh2 Ba2 33. g4 hxg4 34. hxg4
Qa5 35. Qxa5 Rxa5 36. Be1 Ra8 37. Rc7 b6 38. Bb4 Nh6 39. Kg3 Rd8 40. Kh4 Bc4
41. Be7 Bxe2 42. Bf6+ Kg8 43. Bxd8 Nxg4 44. Rc2 Bd1 45. Rc8 Kh7 46. Bf6 Nxf6
47. exf6 Be2 48. Rf8 Bxb5 49. Rxf7+ Kh6 50. Rb7 Bd3 51. Rb8 1-0